Leyes tributarias del distrito federal 2011

Bibliographic Details
Main Author: Fol Olguin, Raymundo
Other Authors: Přez Chv̀ez, Još
Format: eBook
Language:Spanish
Published: Mx̌ico: Tax Editores, 2011.
Subjects:
Online Access:Acceso restringido

MARC

LEADER 00000nam a22000007a 4500
005 20110831130227.0
008 110831t2011 mx ||||s|||| 00| 0 spa d
020 |a 978-607-440-229-2 
035 |a 5553 
040 |a vLex 
090 |c 2320  |d 2320 
100 1 |a Fol Olguin, Raymundo 
245 1 0 |a Leyes tributarias del distrito federal 2011  |c Raymundo Fol Olguin, Jos ̌Přez Chv̀ez  |h [Recurso electrn̤ico] / 
256 |a Servicio en ln̕ea. 
260 |a Mx̌ico:  |b Tax Editores,  |c 2011. 
500 |a La presente edicin̤ contiene las disposiciones fiscales dadas a conocer hasta el 17 de enero de 2011. Los n̕dices, subtt̕ulos, notas y correlaciones contenidos en esta obra no son parte de los textos legales. Las reformas efectuadas durante el año 2010, as ̕como aquellas que iniciarǹ su vigencia a partir de 2011 aparecen con letra itl̀ica para lograr mayor objetividad, excepto la(s) ley(es) y reglamento(s), as ̕como cualquier otro or- denamiento que haya(n) cambiado en su totalidad o sea(n) de nueva creacin̤. La presente obra ha sido elaborada por los Sres. CP Jos ̌Přez Chv̀ez y CP Raymundo Fol Olgun̕ y por Tax Editores Unidos, SA de CV, con parm̀etros estrictos de calidad; no obstante, dada la complejidad de las disposiciones fiscales, ni los autores ni esta casa editorial adquieren ninguna responsabilidad en el remoto caso de que esta edicin̤ llegara a tener algn︢ error o defecto. Por lo que su responsabilidad n︢icamente estar ̀limitada a la devolucin̤ del importe que el adquirente haya pagado por esta obra.  
506 1 |a Contenido solo disponible en los productos indicados  |d vLex Global  |d vLex Global (Academic Edition, excluding Law Schools)  |d vLex Global (U.S. Academic Edition, Law Schools)  |d vLex Global (U.S. Academic Edition, excluding Law Schools)  |d vLex Global (Academic Edition, Law Schools) 
650 0 4 |a Derecho fiscal  |x Legislacin̤  |z Mx̌ico 
700 1 |a Přez Chv̀ez, Još 
740 0 |a vLex Libros (Servicio en ln̕ea) 
856 4 0 |u http://vlex.com/source/lleyes-tributarias-distrito-federal-5553  |z Acceso restringido 
942 |c BOOK